| 000 | 00480nam a22001577a 4500 | ||
|---|---|---|---|
| 003 | OSt | ||
| 008 | 250830b |||||||| |||| 00| 0 eng d | ||
| 041 | _aeng | ||
| 082 |
_a954.83 _bSAK/RE |
||
| 100 |
_aSakhariya Thangal _97793 |
||
| 245 |
_aRedeemer : Keralathinte titanic / _bറെഡീമര് : കേരളത്തിന്റെ ടൈറ്റാനിക് |
||
| 260 |
_aKottayam : _bD.C. Books, _c2024. |
||
| 300 | _a160 p. | ||
| 650 |
_aHistory _96316 |
||
| 942 | _cBK | ||
| 999 |
_c19482 _d19482 |
||